[Event "ch-FRA Blitz Online Qual"]
[Site "Europe-Chess INT"]
[Date "2020.05.16"]
[Round "9"]
[White "Laurent-Paoli, Pierre"]
[Black "Terrieux, Kevin"]
[Result "1-0"]
[WhiteTitle "FM"]
[BlackTitle "IM"]
[WhiteElo "2402"]
[BlackElo "2448"]
[WhiteFideId "26017962"]
[BlackFideId "622591"]
[EventDate "2020.05.16"]

1. d4 d5 2. Nf3 Nf6 3. c4 dxc4 4. e3 a6 5. a4 c5 6. Bxc4 Nc6 7. O-O Bg4 8. h3
Bxf3 9. Qxf3 cxd4 10. Rd1 e6 11. exd4 Be7 12. Nc3 O-O 13. Be3 Qd6 14. Ne4 Nxe4
15. Qxe4 Bf6 16. d5 exd5 17. Bxd5 Qe7 18. Qxe7 Bxe7 19. Rac1 Bf6 20. b4 Nxb4 21.
Bxb7 Rab8 22. Rc7 Rfd8 23. Rxd8+ Rxd8 24. Rc8 Rxc8 25. Bxc8 Bd8 26. Kf1 a5 27.
Ke2 f6 28. Be6+ Kf8 29. Bc5+ Ke8 30. Kd2 Nc6 31. Bd5 Ne7 32. Bb7 Bc7 33. Kd3 Kd7
34. Ba6 Bd6 35. Be3 Kc7 36. Bb5 Nc6 37. Ke4 Ne7 38. g4 Bb4 39. h4 h6 40. h5 Bd6
41. Bd2 Kb6 42. f3 Bb4 43. Be3+ Bc5 44. Bf4 Bb4 45. Kd4 Bc5+ 46. Kc4 Bf2 47. Bd6
Nc6 48. Bxc6 Kxc6 49. Bf8 Be3 50. Bxg7 Bg5 51. Bf8 Kd7 52. Bc5 Kc6 53. Bd4 Bh4
54. Bc3 Kd6 55. Bxa5 f5 56. gxf5 Ke5 57. Bc7+ Kxf5 58. a5 Bf2 59. Bb6 Bg3 60. a6
Bb8 61. Be3 1-0

[Event "ch-FRA Blitz Online Qual"]
[Site "Europe-Chess INT"]
[Date "2020.05.16"]
[Round "9"]
[White "Bijaoui, Manuel"]
[Black "Demuth, Adrien"]
[Result "0-1"]
[WhiteTitle "IM"]
[BlackTitle "GM"]
[WhiteElo "2411"]
[BlackElo "2492"]
[WhiteFideId "626783"]
[BlackFideId "642274"]
[EventDate "2020.05.16"]

1. e4 c5 2. Nf3 d6 3. d4 cxd4 4. Nxd4 Nf6 5. Nc3 Nc6 6. Bg5 e6 7. Qd2 a6 8.
O-O-O Nxd4 9. Qxd4 Be7 10. f4 O-O 11. e5 dxe5 12. Qxd8 Rxd8 13. Rxd8+ Bxd8 14.
fxe5 h6 15. Bh4 g5 16. Bg3 Nh5 17. Bf2 Bc7 18. Bd4 Bd7 19. Be2 Nf4 20. Bf3 Bc6
21. Bxc6 bxc6 22. g3 Ng6 23. Rd1 Bxe5 24. Bxe5 Nxe5 25. Ne4 Kg7 26. a4 a5 27.
Nc5 g4 28. Re1 Nf3 29. Re2 h5 30. b3 h4 31. Kb2 e5 32. Kc3 f5 33. gxh4 Rh8 34.
Nb7 Rxh4 35. Nxa5 Rxh2 36. Kd3 e4+ 37. Ke3 f4+ 0-1

[Event "ch-FRA Blitz Online Qual"]
[Site "Europe-Chess INT"]
[Date "2020.05.16"]
[Round "9"]
[White "Riff, Jean-Noel"]
[Black "Rakotomaharo, Fy Antenaina"]
[Result "0-1"]
[WhiteTitle "GM"]
[BlackTitle "IM"]
[WhiteElo "2504"]
[BlackElo "2422"]
[WhiteFideId "611190"]
[BlackFideId "13100050"]
[EventDate "2020.05.16"]

1. e4 e5 2. Nf3 Nc6 3. Bb5 a6 4. Ba4 Nf6 5. O-O Bc5 6. d3 d6 7. h3 O-O 8. c4 Rb8
9. Nc3 Nd4 10. Nxd4 Bxd4 11. Ne2 Ba7 12. Ng3 b5 13. Bb3 Be6 14. cxb5 axb5 15.
Be3 Bxe3 16. fxe3 c5 17. Nf5 c4 18. Bc2 d5 19. Qf3 dxe4 20. dxe4 Bxf5 21. exf5
Qd2 22. Rf2 Qb4 23. b3 Qc3 24. Raf1 e4 25. Bxe4 Rfe8 26. Bc6 Rxe3 27. Qf4 Qe5
28. bxc4 bxc4 29. Qxc4 Rc3 30. Qa4 h5 31. Bf3 Qxf5 32. Bd1 Qc5 33. Bb3 Rd8 34.
Kh1 Rc1 35. Qf4 Rxf1+ 36. Rxf1 Rd4 37. Qb8+ Kh7 38. Bxf7 Qg5 39. Qb1+ Kh8 40.
Bg6 Rd8 41. Be4 h4 42. Bf3 Rd2 43. a4 Nh5 44. Qb8+ Rd8 45. Qb5 Ng3+ 46. Kg1 Qe3+
47. Rf2 Qc1+ 48. Rf1 Nxf1 49. Qxf1 Qe3+ 50. Qf2 Qc1+ 51. Qf1 Qf4 52. a5 Rc8 53.
Qd3 Rc1+ 54. Kf2 Qg3+ 55. Ke2 Qe1# 0-1

[Event "ch-FRA Blitz Online Qual"]
[Site "Europe-Chess INT"]
[Date "2020.05.16"]
[Round "9"]
[White "Bauer, Christian"]
[Black "Bujisho, Benjamin"]
[Result "1-0"]
[WhiteTitle "GM"]
[BlackTitle "IM"]
[WhiteElo "2623"]
[BlackElo "2290"]
[WhiteFideId "603767"]
[BlackFideId "608610"]
[EventDate "2020.05.16"]

1. e4 c5 2. Nf3 d6 3. c3 Nf6 4. h3 g6 5. Bd3 Bg7 6. Bc2 O-O 7. d4 Nc6 8. O-O e5
9. dxc5 dxc5 10. Na3 Qe7 11. Bg5 h6 12. Bh4 Be6 13. Qe2 g5 14. Bg3 Nh5 15. Bb3
Nf4 16. Qe3 Rad8 17. Bxe6 Qxe6 18. Qxc5 Rd3 19. Bxf4 gxf4 20. Kh2 Rfd8 21. Qc4
Qg6 22. Nh4 Qh5 23. Nf5 Bf6 24. Nb5 Ne7 25. Nbd4 Nxf5 26. Nxf5 Qe2 27. b3 R8d7
28. Rae1 Qh5 29. Qc8+ Kh7 30. Qc4 Bg5 31. a4 f3 32. g3 Rd2 33. h4 Qg4 34. b4 Re2
35. Rxe2 fxe2 36. Re1 Rd1 37. Qxf7+ 1-0

[Event "ch-FRA Blitz Online Qual"]
[Site "Europe-Chess INT"]
[Date "2020.05.16"]
[Round "9"]
[White "Gozzoli, Yannick"]
[Black "Debray, Christopher"]
[Result "1-0"]
[WhiteTitle "GM"]
[BlackTitle "IM"]
[WhiteElo "2600"]
[BlackElo "2376"]
[WhiteFideId "616915"]
[BlackFideId "630810"]
[EventDate "2020.05.16"]

1. d4 d5 2. c4 dxc4 3. Nf3 Nf6 4. e3 Be6 5. Nc3 h6 6. Be2 c6 7. a4 Bd5 8. O-O e6
9. Qc2 c5 10. Rd1 cxd4 11. Nxd4 Bb4 12. f3 Qe7 13. e4 Bc6 14. Be3 O-O 15. Bxc4
Rc8 16. Be2 Nbd7 17. Nxc6 Rxc6 18. Qb3 Bc5 19. Nb5 a6 20. Nd4 Rc7 21. Kh1 Rac8
22. a5 Ne5 23. Bf1 Nc6 24. Nxc6 Rxc6 25. Bxc5 Rxc5 26. Qa3 Qc7 27. Qe3 e5 28.
Kg1 Rc2 29. Rd2 Rxd2 30. Qxd2 Qc5+ 31. Kh1 Qc2 32. Rd1 Qxd2 33. Rxd2 Rc1 34. Kg1
Ra1 35. Rd8+ Kh7 36. Rb8 Rxa5 37. Rxb7 Kg6 38. Rb6 Ra1 39. Rxa6 Rb1 40. Rb6 Kg5
41. Kf2 Nd7 42. Rb5 Kf6 43. Bc4 Ke7 44. Rb7 Kd6 45. b4 f6 46. Bd5 Rb2+ 47. Kg3
g5 48. h3 h5 49. b5 h4+ 50. Kh2 Nc5 51. Rb6+ Ke7 52. Kg1 Nd3 53. Re6+ Kd8 54.
Rd6+ Ke7 55. Re6+ Kd8 56. b6 Nf4 57. Rxf6 Ne2+ 58. Kf1 Ng3+ 59. Ke1 Rb1+ 60. Kd2
Rb2+ 61. Kc3 Rb1 62. b7 Kd7 1-0

[Event "ch-FRA Blitz Online Qual"]
[Site "Europe-Chess INT"]
[Date "2020.05.16"]
[Round "9"]
[White "Sahetchian, Armand"]
[Black "Bellahcene, Bilel"]
[Result "0-1"]
[BlackTitle "GM"]
[WhiteElo "2117"]
[BlackElo "2501"]
[WhiteFideId "607150"]
[BlackFideId "696358"]
[EventDate "2020.05.16"]

1. d4 e6 2. c4 Nf6 3. Nc3 Bb4 4. Qc2 d6 5. Nf3 Nc6 6. g3 O-O 7. a3 Bxc3+ 8. Qxc3
Qe7 9. Bg2 e5 10. O-O Re8 11. dxe5 dxe5 12. Bg5 h6 13. Bxf6 Qxf6 14. e3 Bf5 15.
b4 Be4 16. Nd2 Bxg2 17. Kxg2 Rad8 18. Rad1 Qf5 19. e4 Qg6 20. Nf3 Rxd1 21. Rxd1
Qxe4 22. Re1 Qf5 23. b5 e4 24. Nh4 Qe5 25. Qxe5 Nxe5 26. Rxe4 Kf8 27. f4 Nd7 28.
Rd4 Nc5 29. Kf3 g6 30. Ng2 a6 31. bxa6 Nxa6 32. Ne3 c6 33. Rd7 Nc5 34. Rc7 h5
35. h3 Ra8 36. Nc2 Ke8 37. g4 Rb8 38. f5 Na6 39. fxg6 Nxc7 0-1

[Event "ch-FRA Blitz Online Qual"]
[Site "Europe-Chess INT"]
[Date "2020.05.16"]
[Round "9"]
[White "Guliyev, Namig"]
[Black "Sochacki, Wojtek"]
[Result "1-0"]
[WhiteTitle "GM"]
[BlackTitle "IM"]
[WhiteElo "2529"]
[BlackElo "2320"]
[WhiteFideId "13400363"]
[BlackFideId "651389"]
[EventDate "2020.05.16"]

1. e4 e5 2. Nf3 Nc6 3. Bb5 a6 4. Ba4 Nf6 5. O-O b5 6. Bb3 Be7 7. Re1 O-O 8. d4
d6 9. c3 Bg4 10. Be3 exd4 11. cxd4 Na5 12. Bc2 c5 13. h3 Bh5 14. Nbd2 cxd4 15.
Bxd4 Nc6 16. Be3 Re8 17. Rc1 Rc8 18. Bb1 Ne5 19. g4 Nxf3+ 20. Qxf3 Bg6 21. Bd4
Rxc1 22. Rxc1 Nd7 23. Qc3 Bg5 24. Rd1 Ne5 25. Nf1 Qa8 26. Ng3 Rc8 27. Qb3 Nc4
28. Qd3 d5 29. Nf5 dxe4 30. Qxe4 Qxe4 31. Bxe4 Rd8 32. Rd3 h6 33. Bc3 Rxd3 34.
Bxd3 Nd6 35. Kg2 Nxf5 36. gxf5 Bh5 37. f3 f6 38. Be4 Bf7 39. a3 Bc1 40. Bb7 a5
41. Bxa5 Bxb2 42. Bb4 Bc4 43. Ba6 Bd3 44. a4 Bxf5 45. Bxb5 Bd4 46. a5 Kf7 47.
Bd6 Ke6 48. Bb8 Kd5 49. a6 Kc5 50. a7 1-0

[Event "ch-FRA Blitz Online Qual"]
[Site "Europe-Chess INT"]
[Date "2020.05.16"]
[Round "9"]
[White "Shchekachev, Andrei"]
[Black "Barseghyan, Harutyun"]
[Result "0-1"]
[WhiteTitle "GM"]
[BlackTitle "IM"]
[WhiteElo "2533"]
[BlackElo "2463"]
[WhiteFideId "4107730"]
[BlackFideId "13304585"]
[EventDate "2020.05.16"]

1. Nf3 d5 2. d3 Nf6 3. Nbd2 c5 4. g3 Nc6 5. Bg2 e5 6. e4 Be7 7. Kf1 O-O 8. Kg1
Be6 9. h3 dxe4 10. dxe4 Nxe4 11. c3 Nxd2 12. Nxd2 f6 13. Qe2 Qc7 14. Kh2 Rfe8
15. Re1 Bf8 16. Nc4 Rad8 17. a4 Bf7 18. a5 Kh8 19. a6 b6 20. Na3 e4 21. Bf4 Qc8
22. Nb5 f5 23. Red1 Rxd1 24. Qxd1 Bc4 25. Qa4 Bxb5 26. Qxb5 Rd8 27. Bf1 Bd6 28.
Bg5 Be7 29. Be3 Ne5 30. Be2 Nd3 31. Qc4 Nxb2 32. Qf7 Qd7 33. h4 Bf6 34. Qxd7
Rxd7 35. Rc1 Nd3 36. Rc2 g6 37. Kg1 Kg7 38. Kf1 Kf7 39. Bd2 c4 40. Ra2 Ke6 41.
f3 Kd5 42. g4 Be5 43. gxf5 gxf5 44. fxe4+ fxe4 45. Bh5 Bf4 46. Be1 Rg7 47. Re2
Be5 48. Be8 Bd6 49. h5 Bc5 50. Bg6 hxg6 51. h6 Rh7 52. Rh2 Nxe1 53. Kxe1 Be3 0-1

[Event "ch-FRA Blitz Online Qual"]
[Site "Europe-Chess INT"]
[Date "2020.05.16"]
[Round "9"]
[White "Msellek, Ilyass"]
[Black "Marcelin, Cyril"]
[Result "1/2-1/2"]
[WhiteTitle "FM"]
[BlackTitle "GM"]
[WhiteElo "2316"]
[BlackElo "2444"]
[WhiteFideId "675938"]
[BlackFideId "607274"]
[EventDate "2020.05.16"]

1. e4 c6 2. d4 g6 3. h4 d5 4. h5 dxe4 5. hxg6 fxg6 6. Bc4 Nf6 7. Nc3 Bg7 8. Bh6
Bxh6 9. Rxh6 Qb6 10. Qd2 Qxb2 11. Rb1 Qa3 12. d5 Qc5 13. Bb3 Bf5 14. Nh3 Nbd7
15. dxc6 bxc6 16. Ng5 Ne5 17. Rd1 Nc4 18. Na4 Nxd2 19. Nxc5 Nxb3 20. axb3 O-O
21. Rh4 e3 22. fxe3 Bxc2 23. Rc1 Bf5 24. g4 Bxg4 25. Nxh7 Nxh7 26. Rxg4 Rf6 27.
Ke2 Raf8 28. Ne4 Re6 29. b4 Kg7 30. Rcg1 Rf5 31. Nc5 Rd6 32. Ne4 Re6 33. Nc5
Ref6 34. Ne4 Re6 1/2-1/2

[Event "ch-FRA Blitz Online Qual"]
[Site "Europe-Chess INT"]
[Date "2020.05.16"]
[Round "9"]
[White "Maze, Sebastien"]
[Black "Degardin, Sylvain"]
[Result "1-0"]
[WhiteTitle "GM"]
[WhiteElo "2557"]
[BlackElo "2267"]
[WhiteFideId "613762"]
[BlackFideId "20623070"]
[EventDate "2020.05.16"]

1. d4 Nf6 2. Nf3 g6 3. Bg5 Bg7 4. Nbd2 d5 5. e3 O-O 6. Be2 Bf5 7. O-O Nbd7 8. c4
c6 9. h3 h6 10. Bf4 g5 11. Bg3 Ne4 12. Nxe4 Bxe4 13. Nd2 Bg6 14. cxd5 cxd5 15.
Qb3 Nb6 16. a4 a5 17. Rfc1 Rc8 18. Rxc8 Nxc8 19. Qxb7 e6 20. Rc1 Qb6 21. Qxb6
Nxb6 22. b3 Ra8 23. Rc6 Nd7 24. Bb5 Nf6 25. Rb6 Bf8 26. Bd6 Bxd6 27. Rxd6 Ne4
28. Nxe4 Bxe4 29. Rc6 Kg7 30. f3 Bg6 31. Kf2 Kf6 32. Rc7 h5 33. Ke1 h4 34. Kd2
Kg7 35. Kc3 Kf6 36. b4 axb4+ 37. Kxb4 e5 38. Rc6+ Kf5 39. Bd3+ e4 40. fxe4+ dxe4
41. Be2 Rb8+ 42. Kc3 Bh7 43. Bg4# 1-0

[Event "ch-FRA Blitz Online Qual"]
[Site "Europe-Chess INT"]
[Date "2020.05.16"]
[Round "9"]
[White "Valles Moreno, Ivan"]
[Black "Lucas, Arthur"]
[Result "1-0"]
[WhiteTitle "IM"]
[BlackTitle "FM"]
[WhiteElo "2417"]
[BlackElo "2283"]
[WhiteFideId "2205688"]
[BlackFideId "26093073"]
[EventDate "2020.05.16"]

1. Nf3 Nf6 2. c4 g6 3. Nc3 Bg7 4. e4 d6 5. d4 O-O 6. Be2 Na6 7. Be3 c6 8. O-O e5
9. d5 Ng4 10. Bg5 f6 11. Bh4 c5 12. Ne1 h5 13. Nd3 Nh6 14. f3 Nf7 15. a3 Bh6 16.
Kh1 Be3 17. Qc2 Kg7 18. Rae1 g5 19. Bf2 Bxf2 20. Nxf2 Nh6 21. Bd3 Qe7 22. Nfd1
Bd7 23. Ne3 Nc7 24. b4 b6 25. Rb1 Rfb8 26. Rb2 Ne8 27. Rfb1 Qd8 28. Ne2 Kf7 29.
Nc3 Kg7 30. Qd2 Kf7 31. Bc2 Ng7 32. Ba4 Bxa4 33. Nxa4 Ng8 34. Nc3 Ne7 35. Rb3
Ng6 36. bxc5 bxc5 37. Rb7+ Ne7 38. Qb2 Rxb7 39. Qxb7 Qc8 40. Nb5 Qxb7 41. Nxd6+
Kg6 42. Rxb7 Nc8 43. Ndf5 Nxf5 44. Nxf5 h4 45. g4 hxg3 46. hxg3 g4 47. Rg7+ Kh5
48. fxg4# 1-0

[Event "ch-FRA Blitz Online Qual"]
[Site "Europe-Chess INT"]
[Date "2020.05.16"]
[Round "9"]
[White "Papadiamandis, Elliot"]
[Black "Mamedov, Rauf"]
[Result "0-1"]
[BlackTitle "GM"]
[WhiteElo "2269"]
[BlackElo "2654"]
[WhiteFideId "36074160"]
[BlackFideId "13401653"]
[EventDate "2020.05.16"]

1. e4 c5 2. Nc3 Nc6 3. Nf3 g6 4. Bb5 Bg7 5. O-O e5 6. a3 Nge7 7. b4 b6 8. d3 O-O
9. bxc5 bxc5 10. Bg5 f6 11. Be3 d6 12. Bc4+ Kh8 13. Nd5 Be6 14. Nxe7 Qxe7 15.
Bxe6 Qxe6 16. c3 f5 17. Ng5 Qd7 18. exf5 gxf5 19. Qh5 h6 20. f4 Kg8 21. Nf3 Qe8
22. Qxe8 Raxe8 23. fxe5 f4 24. Bf2 Nxe5 25. Nxe5 Rxe5 26. d4 Rg5 27. Rab1 f3 28.
g3 cxd4 29. Bxd4 Bxd4+ 30. cxd4 Rg4 31. Rb3 Rxd4 32. Rbxf3 Rxf3 33. Rxf3 Kg7 34.
Rb3 a5 35. Kg2 Rd2+ 36. Kf3 a4 37. Rc3 Kf6 38. Kf4 Rf2+ 39. Ke3 Ra2 40. Kf4 Ke6
41. Rd3 d5 42. h4 Rf2+ 43. Ke3 Rc2 44. Rd4 Rc3+ 45. Rd3 Rxd3+ 46. Kxd3 h5 47.
Kd4 Kd6 48. Ke3 Ke5 49. Kf3 Kf5 50. Ke3 Kg4 51. Kf2 d4 52. Kg2 d3 53. Kf2 d2 54.
Ke2 Kxg3 55. Kxd2 Kxh4 56. Kc3 Kg3 57. Kb4 h4 58. Kxa4 h3 59. Kb5 h2 60. a4 h1=Q
61. a5 Qb7+ 62. Kc5 Kf4 0-1

[Event "ch-FRA Blitz Online Qual"]
[Site "Europe-Chess INT"]
[Date "2020.05.16"]
[Round "9"]
[White "Firouzja, Alireza"]
[Black "Daulyte-Cornette, Deimante"]
[Result "1-0"]
[WhiteTitle "GM"]
[BlackTitle "IM"]
[WhiteElo "2728"]
[BlackElo "2400"]
[WhiteFideId "12573981"]
[BlackFideId "12802859"]
[EventDate "2020.05.16"]

1. d4 Nf6 2. c4 e6 3. Nc3 Bb4 4. e3 d5 5. Ne2 dxc4 6. a3 Bd6 7. e4 e5 8. dxe5
Bxe5 9. Qxd8+ Kxd8 10. Bg5 h6 11. O-O-O+ Nd7 12. Bxf6+ Bxf6 13. f4 c6 14. e5 Be7
15. Nd4 Bc5 16. Bxc4 Kc7 17. Bxf7 Rf8 18. Ne6+ 1-0

[Event "ch-FRA Blitz Online Qual"]
[Site "Europe-Chess INT"]
[Date "2020.05.16"]
[Round "9"]
[White "Batsiashvili, Nino"]
[Black "Lagarde, Maxime"]
[Result "0-1"]
[WhiteTitle "GM"]
[BlackTitle "GM"]
[WhiteElo "2457"]
[BlackElo "2655"]
[WhiteFideId "13602993"]
[BlackFideId "662399"]
[EventDate "2020.05.16"]

1. d4 f5 2. Nf3 Nf6 3. Bg5 e6 4. Nbd2 Be7 5. Bxf6 Bxf6 6. e4 d5 7. exf5 exf5 8.
Bd3 O-O 9. O-O Nc6 10. c3 Be6 11. Re1 Qd7 12. Qb3 Rab8 13. Re2 Bf7 14. Rae1 Bh5
15. Qc2 g6 16. Bb5 a6 17. Ba4 b5 18. Bb3 Na5 19. Ne5 Qd6 20. Ndf3 Nc4 21. a4 c6
22. axb5 cxb5 23. Ba2 Rbc8 24. Qd3 Rc7 25. b3 Nb6 26. c4 Bxf3 27. Qxf3 dxc4 28.
bxc4 Nxc4 29. Nxc4 bxc4 30. d5 Kg7 31. Re6 Qc5 32. d6 Rd7 33. Rd1 c3 34. Qd3
Rfd8 35. Bb3 a5 36. g3 Qb4 37. Bc2 a4 38. Qd5 a3 39. Kg2 Qb7 40. Qxb7 Rxb7 41.
Ra1 Rb2 42. Bd3 a2 43. Bc4 c2 44. Bxa2 Rxa2 45. Rxa2 c1=Q 46. Ra7+ Kh6 47. d7
Bd4 48. Rb7 Qd2 49. Re8 Qxf2+ 50. Kh3 Qf1+ 51. Kh4 Bf6# 0-1

[Event "ch-FRA Blitz Online Qual"]
[Site "Europe-Chess INT"]
[Date "2020.05.16"]
[Round "9"]
[White "Choukri, Adel"]
[Black "Velten, Paul"]
[Result "0-1"]
[WhiteTitle "FM"]
[BlackTitle "GM"]
[WhiteElo "2311"]
[BlackElo "2480"]
[WhiteFideId "9000399"]
[BlackFideId "681091"]
[EventDate "2020.05.16"]

1. e4 c6 2. d4 d5 3. Nd2 dxe4 4. Nxe4 Nf6 5. Ng5 h6 6. Nxf7 Kxf7 7. Nf3 e6 8.
Ne5+ Kg8 9. Bc4 Bd6 10. Ng6 Rh7 11. O-O Na6 12. Qe2 Nc7 13. Bb3 a5 14. a4 Nfd5
15. c4 Nb4 16. Bf4 Bxf4 17. Nxf4 g5 18. Nh5 Ne8 19. f4 b6 20. fxg5 hxg5 21. Rf2
Qxd4 22. Rf1 Rf7 23. Kh1 Rxf2 24. Rxf2 Ra7 25. c5 Rf7 26. Rxf7 Kxf7 27. cxb6
Qxb6 28. Qe5 Qf2 29. h3 Nd5 30. Qh8 Ke7 31. Qh7+ Kd8 32. Qg8 Qe1+ 33. Kh2 Qe5+
34. Kh1 Nf4 35. Nxf4 Qxf4 36. Bxe6 Qc1+ 37. Kh2 Qf4+ 38. Kh1 Bxe6 39. Qxe6 Qd6
40. Qe1 Qd5 41. b4 axb4 42. Qxb4 Nc7 43. Qf8+ Kd7 44. Qg7+ Kc8 45. Qh8+ Kb7 46.
Qb2+ Ka6 47. Qb4 Ne6 48. Kh2 Nf4 49. Qb2 Ka5 50. h4 gxh4 51. Qc3+ Kxa4 52. Qc2+
Ka5 53. Qc3+ Ka6 54. Qa3+ Kb6 55. Qb4+ Kc7 56. Qxf4+ Qd6 57. g3 Qxf4 58. gxf4 c5
59. Kh3 c4 60. Kxh4 c3 61. Kg3 c2 62. Kf2 c1=Q 0-1

[Event "ch-FRA Blitz Online Qual"]
[Site "Europe-Chess INT"]
[Date "2020.05.16"]
[Round "9"]
[White "Piorun, Kacper"]
[Black "Le Goff, Ronan"]
[Result "1-0"]
[WhiteTitle "GM"]
[BlackTitle "FM"]
[WhiteElo "2601"]
[BlackElo "2267"]
[WhiteFideId "1130420"]
[BlackFideId "612073"]
[EventDate "2020.05.16"]

1. d4 d5 2. c4 e6 3. Nc3 Nf6 4. cxd5 exd5 5. Bg5 c6 6. e3 Be7 7. Bd3 Nbd7 8.
Nge2 h6 9. Bh4 Nh5 10. Bxe7 Qxe7 11. Qc2 Nb6 12. O-O-O Bd7 13. h3 O-O-O 14. Kb1
Kb8 15. Rhe1 Rhe8 16. Ng1 Nf6 17. Nf3 Bc8 18. Nd2 Nfd7 19. Nb3 g6 20. a4 Nf6 21.
Nc5 Nfd7 22. Nb3 Nf6 23. a5 Nc4 24. e4 Qb4 25. e5 Nh5 26. Na2 Qa4 27. Nc3 Qb4
28. Na2 Qa4 29. Qc3 Nf4 30. Bf1 Bf5+ 31. Ka1 h5 32. Rc1 Be6 33. g3 Nxh3 34. Nc5
Qxa5 35. Nxe6 Qxc3 36. Nxc3 fxe6 37. Bxh3 Kc7 38. f4 Kd7 39. b3 Na5 40. Kb2 b6
41. Bf1 Rf8 42. Ra1 h4 43. b4 Nc4+ 44. Bxc4 dxc4 45. Rxa7+ Ke8 46. Ne4 Rxd4 47.
Nd6+ Kd8 48. Rea1 Rxd6 49. Ra8+ Ke7 50. exd6+ Kxd6 51. Rxf8 hxg3 52. Rg1 1-0

[Event "ch-FRA Blitz Online Qual"]
[Site "Europe-Chess INT"]
[Date "2020.05.16"]
[Round "9"]
[White "Vaisser, Anatoly"]
[Black "Muminova, Nafisa"]
[Result "0-1"]
[WhiteTitle "GM"]
[BlackTitle "WGM"]
[WhiteElo "2504"]
[BlackElo "2274"]
[WhiteFideId "603252"]
[BlackFideId "14201526"]
[EventDate "2020.05.16"]

1. d4 Nf6 2. c4 e6 3. Nc3 c5 4. d5 exd5 5. cxd5 d6 6. e4 g6 7. f4 Bg7 8. Nf3 O-O
9. Be2 b5 10. e5 dxe5 11. fxe5 Ng4 12. Bg5 Qa5 13. O-O Nxe5 14. Nxe5 Bxe5 15.
Be7 Bd4+ 16. Kh1 Re8 17. d6 Nc6 18. Bxb5 Bd7 19. Bxc6 Bxc6 20. Qb3 Rf8 21. Bxf8
Rxf8 22. Nd5 Ba8 23. Rae1 Qd8 24. Ne7+ Kg7 25. Qg3 Kh8 26. h4 Qd7 27. Qg5 Qxd6
28. h5 Qd7 29. Kh2 Qc7+ 30. g3 Qb7 31. Re2 Qa6 0-1

[Event "ch-FRA Blitz Online Qual"]
[Site "Europe-Chess INT"]
[Date "2020.05.16"]
[Round "9"]
[White "Parligras, Mircea-Emilian"]
[Black "Hejazipour, Mitra"]
[Result "1-0"]
[WhiteTitle "GM"]
[BlackTitle "WGM"]
[WhiteElo "2591"]
[BlackElo "2300"]
[WhiteFideId "1204297"]
[BlackFideId "12505951"]
[EventDate "2020.05.16"]

1. d4 Nf6 2. c4 e6 3. Nf3 b6 4. a3 Bb7 5. Nc3 d5 6. Bg5 Be7 7. Qa4+ Qd7 8. Qb3
O-O 9. e3 h6 10. Bh4 c5 11. dxc5 bxc5 12. Rd1 Rd8 13. cxd5 exd5 14. Be2 a5 15.
O-O a4 16. Qa2 Qe6 17. Bb5 Qg4 18. Bxf6 Bxf6 19. Nxd5 Rd6 20. h3 Qc8 21. e4 Nd7
22. Bxd7 Qxd7 23. Nb6 Qd8 24. Rxd6 Qxd6 25. Nxa8 Bxa8 26. Qc4 Bxb2 27. Qxa4 Bc6
28. Qb3 Bf6 29. Rd1 Qe7 30. e5 Bxf3 31. Qxf3 Bxe5 32. Qa8+ Kh7 33. Qe4+ g6 34.
Re1 f6 35. g3 h5 36. Rb1 Qd6 37. Rb7+ Kh6 38. Qe3+ g5 39. Qe4 1-0

[Event "ch-FRA Blitz Online Qual"]
[Site "Europe-Chess INT"]
[Date "2020.05.16"]
[Round "9"]
[White "Bassini, Emile"]
[Black "Wirig, Anthony"]
[Result "0-1"]
[BlackTitle "GM"]
[WhiteElo "2288"]
[BlackElo "2499"]
[WhiteFideId "26084074"]
[BlackFideId "615013"]
[EventDate "2020.05.16"]

1. e4 g6 2. d4 Bg7 3. Nc3 c6 4. Nf3 d6 5. Be3 Qb6 6. a3 Nf6 7. h3 Qc7 8. Qd2
Nbd7 9. Bh6 O-O 10. Bxg7 Kxg7 11. Bc4 b5 12. Bb3 e5 13. O-O a6 14. dxe5 dxe5 15.
Rad1 Bb7 16. Rfe1 Nc5 17. Ba2 h6 18. Qe3 Ncd7 19. Rd2 Rae8 20. Red1 Re7 21. Nh4
Rfe8 22. Qg3 Kh8 23. Qe3 Kh7 24. Rd6 Rg8 25. R6d2 Nh5 26. g3 Bc8 27. Qd3 Nc5 28.
Qd6 Ne6 29. Qxc7 Rxc7 30. Ne2 Ng5 31. f3 Nxh3+ 32. Kg2 Ng5 33. Rd6 Be6 34. Bxe6
Nxe6 35. b4 Kg7 36. Nc3 Nf6 37. Kf2 Rgc8 38. Ng2 Nd4 39. Ne3 Ne8 40. R6xd4 exd4
41. Rxd4 c5 42. bxc5 Rxc5 43. Ncd5 Rd8 44. Ke2 Nc7 45. Kd3 Ne6 46. Rb4 Rcc8 47.
c4 bxc4+ 48. Rxc4 Rxc4 49. Nxc4 Rb8 50. Kc3 h5 51. Nb4 Nc7 52. Nc6 Rb1 53. Kc2
Rf1 54. f4 Rf3 55. e5 Rxg3 56. Nd6 h4 57. Nd4 Rxa3 58. Kb2 Rd3 59. Ne2 Rd2+ 60.
Kc3 Rxe2 61. Kd3 Ra2 62. Ke3 h3 63. Nf5+ 0-1

[Event "ch-FRA Blitz Online Qual"]
[Site "Europe-Chess INT"]
[Date "2020.05.16"]
[Round "9"]
[White "Suarez Real, Alberto"]
[Black "Le Huec, Marc"]
[Result "1-0"]
[WhiteTitle "IM"]
[WhiteElo "2448"]
[BlackElo "2213"]
[WhiteFideId "2218534"]
[BlackFideId "624829"]
[EventDate "2020.05.16"]

1. e4 c5 2. Nf3 Nc6 3. d4 cxd4 4. Nxd4 e5 5. Nb5 d6 6. N1c3 a6 7. Na3 Be7 8. Nc4
b5 9. Ne3 Nf6 10. g3 O-O 11. Bg2 Be6 12. a4 b4 13. Ncd5 Bxd5 14. exd5 Nb8 15. a5
Nbd7 16. Bd2 Rb8 17. O-O Nc5 18. Qe2 Qc8 19. Nc4 Nfd7 20. f4 Qc7 21. Rad1 b3 22.
c3 Rfe8 23. fxe5 Nxe5 24. Nxe5 dxe5 25. Qc4 Bd6 26. Ra1 Rb5 27. Be3 Rxa5 28.
Rxa5 Qxa5 29. Kh1 Qb6 30. Ra1 a5 31. Bxc5 Bxc5 32. Qa4 e4 33. Qxe8+ Bf8 34. Qxe4 1-0

[Event "ch-FRA Blitz Online Qual"]
[Site "Europe-Chess INT"]
[Date "2020.05.16"]
[Round "9"]
[White "Durand-Le Ludec, Brendan-Budok"]
[Black "Polivanov, Anatoliy"]
[Result "0-1"]
[BlackTitle "IM"]
[WhiteElo "2205"]
[BlackElo "2452"]
[WhiteFideId "26064340"]
[BlackFideId "14109468"]
[EventDate "2020.05.16"]

1. e4 e6 2. d3 d5 3. Qe2 Be7 4. g3 Nf6 5. Bg2 c5 6. Nf3 Nc6 7. O-O O-O 8. e5 Nd7
9. h4 b5 10. Bf4 a5 11. Re1 Qc7 12. Nbd2 Ba6 13. h5 h6 14. Nf1 Rfc8 15. c3 Qd8
16. N1h2 b4 17. Ng4 bxc3 18. bxc3 Bf8 19. Qd2 Ne7 20. Rac1 Rab8 21. c4 Rb4 22.
Bf1 Rcb8 23. Rc2 a4 24. Rec1 Nb6 25. Bxh6 gxh6 26. Nxh6+ Bxh6 27. Qxh6 Nf5 28.
Qf4 dxc4 29. dxc4 Nd5 30. cxd5 Rxf4 31. gxf4 Bxf1 32. Kxf1 Qxd5 33. Ke2 Qe4+ 0-1